| 000 | 00608nam a2200157Ia 4500 | ||
|---|---|---|---|
| 003 | SGT | ||
| 082 |
_a510 _bBAL |
||
| 100 | _aBali,N.P | ||
| 245 | 2 | _aA textbook of engineering mathematics Semester-2 | |
| 250 | _a7th . . . . Ed. | ||
| 260 |
_bLaxmi Publications (P) Ltd _aNew Delhi _c2002 |
||
| 300 | _a621p. | ||
| 650 | _aENGINEERING MATHEMATICS | ||
| 653 | _aDIFFERENTIAL EQUATIONS,SERIES SOLUTIONS AND SPECIAL FUNCTIONS,LAPLACE TRANSFORM,FOURIER SERIES AND PARTIAL DIFFERENTIAL EQUATIONS APPLICATION OF PARTIAL DIFFERENTIAL EQUATIONS,APPLICATIONS OF PARTIAL DIFFERENTIAL EQUATIONS | ||
| 942 |
_2ddc _cBK _0334 |
||
| 999 |
_c5487 _d5487 |
||